000 00513nam a2200217Ia 4500
003 OSt
005 20221005120914.0
006 a|||||r|||| 00| 0
007 ta
008 221004b |||||||| |||| 00| 0 eng d
024 _a52455
037 _cTextual
040 _aCRL
_cCRL
_beng
041 _2eng
_aeng
082 _aQ6:33, J9
245 0 _aFour Gospels and the act of the Apostles
260 _c1959
650 _aRELIGION
942 _hQ6:33, J9
_cTEXL
_2cc
999 _c1039491
_d1039491